000 00650nam a22001817a 4500
003 UA-OsUOA
001 15785
007 ta
008 20031208b un ||||| |||| 00| 0 ukr d
100 _aКидрук І.
942 _cSA
040 _aUA-OsUOA
_cUA-OsUOA
_dUA-OsUOA
245 _aЛітопис почався з "Кармелюка"
_b[60-річчя виходу в світ першого номера район. газ. "Володимирецький вісник"]
300 _aС.2
955 _a0
773 0 _w0
_tВісті Рівненщини
_dРівне
_d2003
_g№98/ 26 листоп./
650 7 _aІсторія
_2UDC
999 _c301950
_d301950